Word Ladder: Seventh Month Quiz Stats

 Plays Quiz Updated Jul 14, 2016

Challenge
Share
Tweet
Embed
Score 0/22 Timer 02:00
0 Plays Today
Clue 4-Letter Word % Correct
☀ 7th month, named for Julius Caesar ☀☀JULY☀
99.6%
Group of peers that renders verdictsJURY
97.5%
To put in the ground and cover with earthBURY
96.6%
Grocery, wish, to-do, e.g.LIST
93.8%
Santa lives at the North onePOLE
92.9%
One of the seven Cardinal SinsLUST
92.3%
Surname of father-son PresidentsBUSH
92.3%
Occupied intensely with an activityBUSY
91%
Jazz musician Nat King ___COLE
90.2%
☀ Water ____, 7th month's birth flower ☀☀LILY☀
89.8%
A heapPILE
89.1%
Clue 4-Letter Word % Correct
Luxuriant, like a gardenLUSH
88.7%
'Last ___ and Testament'WILL
88.7%
Form of a dose of medicinePILL
87.8%
Without clothingNUDE
82.6%
A pleasant rhythm when singingLILT
82.5%
☀ Red gem, the 7th month's birthstone ☀☀RUBY☀
82.2%
A set of instructions for a computerCODE
81.5%
Crafty or slyWILY
80.6%
Mean-spirited or crassRUDE
77.3%
A point of intersection or a central locationNODE
73%
Goldberg who created crazy contraptionsRUBE
71.5%

Today's Daily Dose

Missing Word
TV HA - HZ

Word Ladder
Nordic Capital

On This Day
January 19th II

You're not logged in!

Compare scores with friends on all Sporcle quizzes.
OR
Log In

You Might Also Like...

Show Comments

Extras

Top Quizzes Today


Score Distribution

Your Account Isn't Verified!

In order to create a playlist on Sporcle, you need to verify the email address you used during registration. Go to your Sporcle Settings to finish the process.

Report this User

Report this user for behavior that violates our Community Guidelines.

Details: